| 000 | 00563cam a2200205 4500 | ||
|---|---|---|---|
| 001 | sa 68012229 | ||
| 003 | DLC | ||
| 005 | 20260227112608.0 | ||
| 008 | 691022m19679999ii 000 0 eng | ||
| 010 | _asa 68012229 | ||
| 025 | _aPL480:I-E-9171 | ||
| 040 |
_aDLC _cDLC _dDLC |
||
| 050 | 0 | 0 |
_aPR6005.H36 _bV5 |
| 082 | 0 | 0 | _a821 |
| 100 | 1 |
_aChattopadhyaya, Harindranath, _d1898-1990. |
|
| 245 | 1 | 0 | _aVirgins and vineyards. |
| 260 |
_aBombay, _bPearl Publications; [distributors; India Book House, _c1967- |
||
| 300 |
_av. _c18 cm. |
||
| 350 |
_a7.50 _a$1.50 (v. 1) |
||
| 999 |
_c84401 _d84401 |
||